О процессе выгорания примесей при рафинировании меди в отражательной печи; Журнал Русского физико-химического общества. Часть химическая; Т. 40

Dades bibliogràfiques
Parent link:Журнал Русского физико-химического общества. Часть химическая
Т. 40.— 1908.— С. 1649-1675
Autor principal: Ванюков В. А.
Idioma:rus
Publicat: 1908
Matèries:
Format: MixedMaterials Capítol de llibre
KOHA link:https://koha.lib.tpu.ru/cgi-bin/koha/opac-detail.pl?biblionumber=591180

MARC

LEADER 00000naa0a2200000 4500
001 591180
005 20241226160829.0
035 |a (RuTPU)RU\TPU\tpu\1222 
035 |a TPU00001222 
090 |a 591180 
100 |a 20011210d1908 k||y0rusy50 ca 
101 0 |a rus 
102 |a RU 
200 1 |a О процессе выгорания примесей при рафинировании меди в отражательной печи  |f В. А. Ванюков 
461 |t Журнал Русского физико-химического общества. Часть химическая 
463 |t Т. 40  |v С. 1649-1675  |d 1908 
610 1 |a химические науки 
610 1 |a труды учёных ТПУ 
700 1 |a Ванюков  |b В. А. 
801 0 |a RU  |b 63413507  |c 20011210  |g PSBO 
801 2 |a RU  |b 63413507  |c 20051020  |g PSBO 
942 |c BK